Spilling ink / (Record no. 3372)
[ view plain ]
| 000 -LEADER | |
|---|---|
| fixed length control field | 01079nam a22002297a 4500 |
| 001 - CONTROL NUMBER | |
| control field | 3372 |
| 003 - CONTROL NUMBER IDENTIFIER | |
| control field | FISKH |
| 005 - DATE AND TIME OF LATEST TRANSACTION | |
| control field | 20240229140856.0 |
| 008 - FIXED-LENGTH DATA ELEMENTS--GENERAL INFORMATION | |
| fixed length control field | 240229b cb ||||| |||| 00| 0 eng d |
| 040 ## - CATALOGING SOURCE | |
| Original cataloging agency | FISK |
| Language of cataloging | eng |
| Transcribing agency | FISK |
| Modifying agency | FISK |
| 050 ## - LIBRARY OF CONGRESS CALL NUMBER | |
| Classification number | PN3355.M34 |
| 082 ## - DEWEY DECIMAL CLASSIFICATION NUMBER | |
| Classification number | 808.3 |
| 100 ## - MAIN ENTRY--PERSONAL NAME | |
| Personal name | Mazer Anne and Potter Ellen : |
| Dates associated with a name | 1953 and 1963 |
| 245 ## - TITLE STATEMENT | |
| Title | Spilling ink / |
| Statement of responsibility, etc. | Anne Mazer and Ellen Potter |
| 260 ## - PUBLICATION, DISTRIBUTION, ETC. | |
| Place of publication, distribution, etc. | New York : |
| Name of publisher, distributor, etc. | Scholastic, |
| Date of publication, distribution, etc. | 2010 |
| 300 ## - PHYSICAL DESCRIPTION | |
| Extent | 275 pages : |
| Other physical details | illustrations, |
| Dimensions | 20 cm |
| 501 ## - WITH NOTE | |
| With note | O |
| 520 ## - SUMMARY, ETC. | |
| Summary, etc. | After receiving letters from fans asking for writing advice,accomplished authors Anne Mazer and Ellen Potter joined together to create this guidebook for young writers. The authors mix inspirational anecdotes with practical guidance on how to find a voice, develop characters and plot, make revisions, and overcome writer's block. Fun writing prompts will help young writers jump-start their own projects, and encouragement throughout will keep them at work. |
| 521 8# - TARGET AUDIENCE NOTE | |
| Target audience note | 830 |
| Source | O |
| 700 ## - ADDED ENTRY--PERSONAL NAME | |
| Personal name | Anne Mazer and Ellen Potter |
| 942 ## - ADDED ENTRY ELEMENTS (KOHA) | |
| Source of classification or shelving scheme | Dewey Decimal Classification |
| Koha item type | Books |
| Suppress in OPAC | No |
| Withdrawn status | Lost status | Source of classification or shelving scheme | Damaged status | Not for loan | Collection | Home library | Current library | Shelving location | Date acquired | Total Checkouts | Full call number | Barcode | Date last seen | Date last checked out | Copy number | Price effective from | Koha item type |
|---|---|---|---|---|---|---|---|---|---|---|---|---|---|---|---|---|---|
| Dewey Decimal Classification | Non-Fiction | Footprints International School Library Network Toul Tom Poung Campus | Footprints International School Library Network Toul Tom Poung Campus | TTP Secondary Non-Fiction Bookshelves | 02/29/2024 | 1 | MAZ PN3355.M34 808.3 | 2024-0148 | 12/19/2025 | 12/02/2025 | 1 | 02/29/2024 | Books | ||||
| Dewey Decimal Classification | Non-Fiction | Footprints International School Library Network Toul Tom Poung Campus | Footprints International School Library Network Toul Tom Poung Campus | TTP Secondary Non-Fiction Bookshelves | 06/12/2024 | MAZ PN3355.M34 808.3 | 2024-0878 | 06/12/2024 | 2 | 06/12/2024 | Books |
